000 00655nam a2200253Ia 4500
003 0100
008 130303s9999 xx 000 0 und d
020 _a0867209542
040 _cARRUPELIB
050 _aBJ1012.D45 1995
100 _aDeMarco, Joseph P
245 _aMoral theory
245 _ba contemporary overview
260 _aBoston
260 _bJones & Bartlett Publishers
260 _C1996
300 _axiii
300 _b 274p. 23cm
440 _aThe Jones abd Barlett series in philosophy
650 _aETHICS
650 _bKaranga (African people) - Funeral customs & rites
650 _cPhilosophy, Karanga
942 0 0 _04
999 _c9439
_d9439